000 00894nam a2200313 a 4500
003 AR-BaBNM
005 20251128203655.0
008 082120s2002 ||||||||||||||000 | spa||
020 _a84-7100-265-5
040 _cAR-BaBNM
100 1 _aFuentes Gómez de Salazar, Eduardo de
245 0 0 _aEstrategias de la implantación española en América
_n2
250 _a1ª ed.
260 _aMadrid
_bMapfre
_c1992
300 _a322 p.
490 0 _aArmas y América
_vv. 11
504 _aBibliografía para consultar p. 305-307.
600 1 4 _aPizarro, Francisco
600 1 4 _aCortes, Hernan
650 4 _aHISTORIA MILITAR
650 4 _aPERIODO HISPANICO
650 4 _aHISTORIA SOCIAL
650 4 _aESTRATEGIA MILITAR
650 4 _aDESCUBRIMIENTOS
800 1 _aGallego, José Andrés
_ecoordinador
800 1 _aAlonso Baquer, Miguel
_edirector
942 _cBK
998 _cmariana
999 _c4429
_d4429